Statistics for Ewan McGregor Filmography

Click here to take the quiz!

General Stats

  • This quiz has been taken 340 times
    (40 since last reset)
  • The average score is 26 of 135

Answer Stats

TypeYearName% Correct
Film1999Star Wars: Episode I - The Phantom Menace
97%
Film2002Star Wars: Episode II - Attack of the Clones
95%
Film2005Star Wars: Episode III - Revenge of the Sith
92%
Web Mini-Series2022Obi-Wan Kenobi
78%
Film1996Trainspotting
70%
Film2001Moulin Rouge!
57%
TV Show2017Fargo
49%
Film2005The Island
46%
Film2003Big Fish
43%
Film2012The Impossible
43%
Film1994Shallow Grave
41%
Film2020Birds of Prey (and the Fantabulous Emancipation of One Harley Quinn)
38%
Film2001Black Hawk Down
38%
Film2009Angels & Demons
35%
Film2017Beauty and the Beast
35%
Film2018Christopher Robin
35%
Film2019Doctor Sleep
32%
Documentary Series2007Long Way Down
32%
Film2015Star Wars: The Force Awakens
32%
Film2019Star Wars: The Rise of Skywalker
32%
Film2017T2 Trainspotting
32%
Film2022Guillermo del Toro's Pinocchio
30%
Documentary Series2004Long Way Round
30%
Web Mini-Series2021Halston
27%
Film2009I Love You Phillip Morris
27%
Film2005Robots
27%
Film2013August: Osage County
24%
Film2003Down with Love
24%
Documentary Series2020Long Way Up
24%
Film2006Miss Potter
24%
Theater2007-2008Othello
24%
Film2011Salmon Fishing in the Yemen
24%
Film2009The Men Who Stare at Goats
24%
Film1998Velvet Goldmine
24%
Film1997A Life Less Ordinary
22%
Film1996Emma
22%
Film2005Stay
22%
Film2010The Ghost Writer
22%
TV Show1997ER
19%
Film2011Haywire
19%
Film2013Jack the Giant Slayer
19%
Film2015Mortdecai
19%
Film2010Nanny McPhee and the Big Bang
19%
Film2016Our Kind of Traitor
19%
Film2009Amelia
16%
Film2016American Pastoral
16%
Film2014A Million Ways to Die in the West
16%
Film2010Beginners
16%
Film1996Brassed Off
16%
Film2007Cassandra's Dream
16%
Film2008Deception
16%
Film2008Incendiary
16%
Film2016Jane Got a Gun
16%
Film1998Little Voice
16%
Film1997Nightwatch
16%
Film2011Perfect Sense
16%
Film2022Raymond & Ray
16%
TV Short2002Solid Geometry
16%
Film2006Stormbreaker
16%
Film2021The Birthday Cake
16%
Film2005Valiant
16%
Commercial2008Adventure Davidoff
14%
Web Mini-SeriesTBAA Gentleman in Moscow
14%
Film1994Being Human
14%
TV Documentary2012Bomber Boys
14%
TV Documentary2012Ewan McGregor: Cold Chain Mission
14%
Commercial2022Expedia
14%
Film1999Eye of the Beholder
14%
Theater2005Guys and Dolls
14%
Documentary Mini-Series2013Hebrides: Islands on the Edge
14%
Documentary Mini-Series2016Highlands: Scotland's Wild Heart
14%
Documentary Series2021Jerusalem: City of Faith and Fury
14%
TV Show1995Kavanagh QC
14%
Film2015Last Days in the Desert
14%
Film2015Miles Ahead
14%
Film2023Mother Couch
14%
Film2000Nora
14%
Film1999Rogue Trader
14%
Film2014Son of a Gun
14%
TV Show1996Tales from the Crypt
14%
TV Documentary2010The Battle of Britain
14%
Film1996The Pillow Book
14%
Documentary Series2002The Polar Bears of Churchill with Ewan McGregor
14%
Commercial2012UNICEF
14%
Film2003Young Adam
14%
Film2023You Sing Loud, I Sing Louder
14%
Film1995Blue Juice
11%
Short Film2017Czerwony Punkt
11%
Short Film2017Debenhams: You Shall
11%
Short Film1998Desserts
11%
TV Show2015Doll & Em
11%
TV Short1993Family Style
11%
Documentary2003Faster
11%
Video Game2015GivingTales
11%
Film2010Jackboots on Whitehall
11%
TV Mini-Series1996Karaoke
11%
TV Mini-Series1993Lipstick on Your Collar
11%
Theater1998Little Malcolm and His Struggle Against the Eunuchs
11%
Web SeriesTBALodi
11%
Short Film2017Now You See It
11%
TV Mini-Series1993Scarlet and Black
11%
Film2006Scenes of a Sexual Nature
11%
TV Show1994Screen One
11%
Film2023Speed Is Expensive: Philip Vincent and the Million Dollar Motorcycle
11%
Film2004Spooks and Creeps
11%
TV Show2021Staged
11%
TV Pilot2013The Corrections
11%
Theater2014-2015The Real Thing
11%
Film1997The Serpent's Kiss
11%
Film2018Zoe
11%
Short Film2000Anno Domini
8%
FilmTBAEverest
8%
Documentary2011Fastest
8%
Documentary Series2020Stormborn
8%
FilmTBAThe Cow
8%
FilmTBAThe Land of Sometimes
8%
Documentary2005Troy's Story
8%
Commercial2002AEON English School
5%
Commercial1997Bobson's Jeans
5%
Documentary2011Charge
5%
Commercial2013Citroën
5%
Commercial2006Filmfour
5%
Short TV Documentary2005Happy Birthday Broons!
5%
Short Documentary2015Humpback Whales
5%
Documentary2014Ice Bear
5%
TV Documentary2007Legacy: A Personal History of Barry Sheene
5%
Documentary2022Obi-Wan Kenobi: A Jedi's Return
5%
TV Special2012Premio Donostia a Ewan McGregor
5%
TV Documentary2018RAF at 100 with Ewan McGregor and Colin McGregor
5%
Documentary2006The Doctor, the Tornado and the Kentucky Kid
5%
Documentary2020The Final Fix
5%
Commercial2008Toyota Alphard
5%
Theater1992What the Butler Saw
5%
TV Documentary2019Wild Shetland: Scotland's Viking Frontier
5%
Music Video2015Hourglass
3%

Score Distribution

Percentile by Number Answered

Percent of People with Each Score

Your Score History

You have not taken this quiz since the last reset